Introduction to ergonomics
| Main Author: | Bridger, R. S |
|---|---|
| Published: |
New York:
McGraw-Hill,
1995.
|
| Subjects: |
| LEADER | 00523cam a2200169 7i4500 | ||
|---|---|---|---|
| 001 | 0000015229 | ||
| 005 | 20200615090000.0 | ||
| 020 | |a 0071132945 | ||
| 090 | 0 | 0 | |a TA166 |b .B75 1995 |
| 100 | 1 | |a Bridger, R. S | |
| 245 | 1 | 0 | |a Introduction to ergonomics |c R. S. Bridger. |
| 260 | |a New York: |b McGraw-Hill, |c 1995. | ||
| 300 | |a xxii, 529 p.: |b ill.; |c 25 cm. | ||
| 650 | 0 | 0 | |a Human engineering |
| 997 | |a Health Sciences, Faculty | ||
| 998 | |a Occupational Safety & Health, Degree | ||
| 999 | |a 0000018691 |b BOK |c OPEN SHELF |e 1st Floor, Shah Alam | ||


